Aphmau Minecraft Diaries Characters by Image - Statistics

General Stats
  • This quiz has been taken 48 times
  • The average score is 42 of 89
Answer Stats
Picture Answer % Correct
Aaron
100%
Aphmau
97%
Kawaii Chan
94%
Garroth
91%
Katelyn
88%
Lucinda
88%
Zane
88%
Dante
84%
Laurance
84%
Michi
78%
Lady Irene
75%
Nicole
72%
Malachi
69%
Cadenza
66%
Sasha
66%
Vlyad
66%
Emma
63%
Levin
63%
Brendan
59%
Zoey
59%
Emmalyn
56%
Jeffory
56%
Kiki
56%
Nekoette Tan
56%
Zenix
56%
Brian
53%
Castor
53%
Celestia
53%
Donna
53%
Kenmur
53%
Logan
53%
Cookie
47%
Thorgi
47%
Urla
47%
Vincent
47%
Alexis
44%
Azura
44%
Gene
44%
Meowki
44%
Meowki II
44%
Molly
44%
Sean Connery
44%
Abby
41%
Bigglesworth
41%
Dale
41%
Jiggy
41%
Lowell
41%
Phoenix
41%
Puma
41%
Raven
41%
Boldolf
38%
Cloud
38%
Doctor Doctor
38%
Leona
38%
Lord Burt
38%
Luna
38%
Paul
38%
Shadow Lord
38%
Corey
34%
Fenrir
34%
Flipper
34%
Khira
34%
Kiva
34%
Lord Luke
34%
Ungrth
34%
Vischer
34%
Yip
34%
Crumb
31%
Cuddlezilla
31%
Doctor Bees
31%
Gale
31%
Hayden
31%
Issa
31%
John
31%
Kyle
31%
Lillian
31%
Queen Ylva
31%
Roxy
31%
Timberly
31%
Ulrich
31%
Glenda
28%
Lello
28%
Lord of Scaleswind
28%
Matilda
28%
Merida
28%
South Eastern Wolf Tribe King
28%
Zack
28%
Oliver
25%
Rollo
25%
No matching quizzes found
Score Distribution
Percent of People with Each Score
Percentile by Number Answered
Your Score History
You have not taken this quiz